[Event "CYCC U14 "]
[Site "Hamilton CAN"]
[Date "2022.07.10"]
[Round "6.17"]
[White "Chen, Ricky"]
[Black "Levanon, Peled"]
[Result "1-0"]
[WhiteElo "1709"]
[BlackElo "1028"]
[PlyCount "47"]
[EventDate "2022.07.08"]
[EventType "swiss"]
[EventRounds "7"]
[EventCountry "CAN"]

1. e4 c5 2. Nf3 e6 3. c3 d5 4. exd5 exd5 5. d4 c4 6. Be2 Nf6 7. O-O h6 8. b3 b5
9. a4 Qa5 10. Ba3 Ne4 11. axb5 Qxb5 12. Bxf8 Kxf8 13. bxc4 dxc4 14. Qc2 Nd6 15.
Na3 Qb3 16. Nd2 Qxc2 17. Nxc2 Be6 18. Bf3 Nc6 19. Bxc6 Rc8 20. d5 Bf5 21. Ne3
Bd3 22. Rfe1 Rc7 23. Nexc4 Nxc4 24. Re8# 1-0

[Event "CYCC U14 "]
[Site "Hamilton CAN"]
[Date "2022.07.10"]
[Round "6.18"]
[White "Zhang, James"]
[Black "Shen, Yining"]
[Result "0-1"]
[WhiteElo "1362"]
[BlackElo "840"]
[PlyCount "136"]
[EventDate "2022.07.08"]
[EventType "swiss"]
[EventRounds "7"]
[EventCountry "CAN"]

1. e4 d5 2. exd5 Nf6 3. d4 Nxd5 4. Nf3 Bg4 5. Be2 Nc6 6. c3 e6 7. O-O Be7 8.
Nbd2 O-O 9. Nc4 b5 10. Nce5 Bxf3 11. Nxc6 Bxe2 12. Nxe7+ Qxe7 13. Qxe2 c5 14.
Be3 cxd4 15. Bxd4 a6 16. Rfe1 Qg5 17. Qe5 Qxe5 18. Bxe5 f6 19. Bg3 Rae8 20.
Rad1 g5 21. Bd6 Rf7 22. Rxd5 Rd7 23. Rd4 Red8 24. Bc5 e5 25. Rxd7 Rxd7 26. h3
Rd5 27. Be3 h6 28. Re2 Kf7 29. Rd2 Rxd2 30. Bxd2 Ke6 31. Kf1 Kd5 32. Ke2 f5 33.
g3 f4 34. gxf4 exf4 35. Kf3 h5 36. Be1 Ke5 37. b3 Kf5 38. a4 g4+ 39. hxg4+
hxg4+ 40. Ke2 Ke4 41. axb5 f3+ 42. Kd2 axb5 43. b4 Kf4 44. Kd3 Ke5 45. Ke3 Kf5
46. Kd4 Kf4 47. Bd2+ Kf5 48. Kd5 g3 49. fxg3 f2 50. c4 f1=Q 51. cxb5 Qxb5+ 52.
Kd4 Qe5+ 53. Kc4 Qe2+ 54. Kc3 Qf3+ 55. Kc4 Qxg3 56. b5 Qf2 57. Ba5 Qf4+ 58. Kc5
Qa4 59. Bc7 Qc2+ 60. Kd6 Qc4 61. b6 Qe6+ 62. Kc5 Qd7 63. Kc4 Ke6 64. Kc5 Qd5+
65. Kb4 Qc6 66. Ka5 Qc4 67. Bh2 Qa2+ 68. Kb5 Qxh2 0-1

[Event "CYCC U14 "]
[Site "Hamilton CAN"]
[Date "2022.07.10"]
[Round "6.19"]
[White "Broekema, Lincoln"]
[Black "Chen, Sam"]
[Result "0-1"]
[WhiteElo "1151"]
[BlackElo "1299"]
[PlyCount "44"]
[EventDate "2022.07.08"]
[EventType "swiss"]
[EventRounds "7"]
[EventCountry "CAN"]

1. d4 d5 2. c4 c6 3. Nf3 Nf6 4. e3 e6 5. Nc3 Nbd7 6. Bd3 Bd6 7. O-O O-O 8. Qc2
Qe7 9. b3 e5 10. e4 dxe4 11. Nxe4 exd4 12. Nxd4 Ne5 13. Nxf6+ Qxf6 14. Bxh7+
Kh8 15. Bd3 Qh4 16. Be4 f5 17. g3 Qxe4 18. Qd1 c5 19. Qh5+ Kg8 20. Bh6 cxd4 21.
Bxg7 Nf3+ 22. Kh1 Kxg7 0-1

[Event "CYCC U14 "]
[Site "Hamilton CAN"]
[Date "2022.07.10"]
[Round "6.20"]
[White "Zeng, Gordon"]
[Black "Jiao, Dian Bing"]
[Result "0-1"]
[WhiteElo "929"]
[BlackElo "1188"]
[PlyCount "88"]
[EventDate "2022.07.08"]
[EventType "swiss"]
[EventRounds "7"]
[EventCountry "CAN"]

1. e4 e6 2. d4 d5 3. e5 c5 4. Bb5+ Bd7 5. Bxd7+ Qxd7 6. c3 Nc6 7. Nf3 Nge7 8.
Be3 Ng6 9. Nbd2 Be7 10. b3 O-O 11. Nf1 f6 12. exf6 Bxf6 13. Bg5 Qf7 14. Qe2
cxd4 15. cxd4 Nxd4 16. Nxd4 Bxd4 17. Rc1 Bxf2+ 18. Kd1 Qf5 19. Bd2 Bb6 20. Ng3
Qe5 21. Re1 Qxe2+ 22. Rxe2 e5 23. Bb4 Rfe8 24. Rec2 Nf4 25. Bd6 Rad8 26. Bc7
Bxc7 27. Rxc7 Rb8 28. Nf5 Ne6 29. Ne7+ Kf8 30. Nxd5 Nxc7 31. Rxc7 Red8 32. Rc5
b6 33. Rc7 Rxd5+ 34. Ke2 a5 35. Ke3 Rbd8 36. Rb7 R5d6 37. Ke4 R8d7 38. Rb8+ Ke7
39. Rg8 Kf6 40. Rf8+ Kg6 41. Re8 Rd4+ 42. Kxe5 Kf7 43. Re7+ Kxe7 44. Kf5 R7d5#
0-1

[Event "CYCC U14 "]
[Site "Hamilton CAN"]
[Date "2022.07.10"]
[Round "6.22"]
[White "Grosman, Ari"]
[Black "Huang, Winston"]
[Result "1-0"]
[WhiteElo "992"]
[BlackElo "1131"]
[PlyCount "115"]
[EventDate "2022.07.08"]
[EventType "swiss"]
[EventRounds "7"]
[EventCountry "CAN"]

1. d4 d5 2. c4 c6 3. Nf3 Nf6 4. Nc3 e6 5. Bg5 Nbd7 6. e3 Bb4 7. Bd3 O-O 8. O-O
Re8 9. Qc2 h6 10. Bh4 e5 11. dxe5 Nxe5 12. Nxe5 Rxe5 13. cxd5 cxd5 14. Qb3 Bxc3
15. Qxc3 Rh5 16. Bxf6 Qxf6 17. Qxf6 gxf6 18. Rfd1 Re5 19. Rac1 Re7 20. Rc5 Be6
21. a3 Rc8 22. Rxc8+ Bxc8 23. Rc1 Re8 24. Kf1 Bd7 25. Rc7 Bc6 26. b4 Rb8 27.
Ke2 Be8 28. Kf3 a6 29. Bc2 b5 30. Bb3 Rd8 31. Ke2 Kg7 32. Kd3 Bd7 33. Kd4 Be6
34. Rc6 Ra8 35. Kc5 Bd7 36. Rc7 Be6 37. Kb6 Rb8+ 38. Kxa6 Ra8+ 39. Ra7 Rb8 40.
e4 Bc8+ 41. Ka5 dxe4 42. Bxf7 Kf8 43. Bd5 Bg4 44. Ra8 Rxa8+ 45. Bxa8 Be2 46.
Bxe4 Ke7 47. Bc6 Kd6 48. Bxb5 Bxb5 49. Kxb5 Kc7 50. a4 Kb7 51. a5 f5 52. a6+
Kc7 53. Kc5 Kb8 54. b5 Ka7 55. Kc6 f4 56. b6+ Kb8 57. b7 h5 58. Kb6 1-0

[Event "CYCC U14 "]
[Site "Hamilton CAN"]
[Date "2022.07.10"]
[Round "6.23"]
[White "Johnson, William"]
[Black "Kheni, Kush"]
[Result "0-1"]
[WhiteElo "1082"]
[BlackElo "907"]
[PlyCount "48"]
[EventDate "2022.07.08"]
[EventType "swiss"]
[EventRounds "7"]
[EventCountry "CAN"]

1. e4 e5 2. Nf3 Nc6 3. Bc4 Bc5 4. Nc3 Nf6 5. d3 d6 6. Bg5 h6 7. Bh4 g5 8. Nxg5
hxg5 9. Bxg5 Rg8 10. h4 Bg4 11. Qd2 Be6 12. f4 Bxc4 13. dxc4 Bb4 14. O-O-O Bxc3
15. Qxc3 Nxe4 16. Qe3 Nxg5 17. hxg5 Qe7 18. Rh6 O-O-O 19. Rd3 Kb8 20. Qf3 e4
21. Re3 exf3 22. Rxe7 Nxe7 23. gxf3 Rh8 24. Rxh8 Rxh8 0-1

[Event "CYCC U14 "]
[Site "Hamilton CAN"]
[Date "2022.07.10"]
[Round "6.24"]
[White "Singh, Udayveer"]
[Black "Hong, Zihan"]
[Result "1-0"]
[WhiteElo "1018"]
[BlackElo "841"]
[PlyCount "125"]
[EventDate "2022.07.08"]
[EventType "swiss"]
[EventRounds "7"]
[EventCountry "CAN"]

1. d4 d5 2. c4 Nf6 3. cxd5 Nxd5 4. e4 Nb6 5. Nf3 Bg4 6. Be2 e6 7. O-O N8d7 8.
a3 c6 9. Nc3 Nf6 10. e5 Nfd5 11. Nxd5 cxd5 12. h3 Bh5 13. Nd2 Bg6 14. b4 Rc8
15. Nf3 Be7 16. Bd3 a6 17. Bxg6 hxg6 18. Qe2 Qd7 19. Nd2 f6 20. Nf3 Na4 21. Qd3
f5 22. Bg5 Rh5 23. Bxe7 Qxe7 24. Qb3 Nc3 25. Rfe1 Ne4 26. Rac1 Qd7 27. Qb2 Kf7
28. Rxc8 Qxc8 29. Rc1 Qd8 30. Qc2 Ke8 31. Qc7 Qd7 32. Qc8+ Qxc8 33. Rxc8+ Kd7
34. Rb8 Kc7 35. Rf8 Rh7 36. Rf7+ Kb6 37. Re7 Kb5 38. Rxb7+ Ka4 39. Rb6 Kxa3 40.
Rxa6+ Kxb4 41. Rxe6 Rh6 42. Re7 Rh7 43. e6 Kb5 44. Re8 Kc6 45. Ne5+ Kd6 46.
Nxg6 Rh6 47. Rd8+ Kxe6 48. Nf4+ Ke7 49. Rxd5 Rd6 50. Rxd6 Kxd6 51. f3 Nf6 52.
Kf2 g5 53. Ne2 Kd5 54. Ke3 Kc4 55. f4 Nd5+ 56. Kf3 gxf4 57. Nxf4 Ne7 58. d5 Kc5
59. h4 Kd6 60. h5 Ke5 61. Ng6+ Nxg6 62. hxg6 Kf6 63. d6 1-0

[Event "CYCC U14 "]
[Site "Hamilton CAN"]
[Date "2022.07.10"]
[Round "6.25"]
[White "Sun, Jonathan"]
[Black "Leveille, Zachary"]
[Result "0-1"]
[WhiteElo "873"]
[BlackElo "691"]
[PlyCount "110"]
[EventDate "2022.07.08"]
[EventType "swiss"]
[EventRounds "7"]
[EventCountry "CAN"]

1. d4 d5 2. c4 Nf6 3. Nf3 Nc6 4. Bg5 e6 5. Nc3 Be7 6. e3 h6 7. Bh4 O-O 8. Bd3
dxc4 9. Bxc4 b6 10. Qe2 Bb7 11. O-O-O Re8 12. Ne5 Nd7 13. Bxe7 Qxe7 14. Bb5
Ndxe5 15. dxe5 Rad8 16. f4 Rxd1+ 17. Rxd1 Rd8 18. Rxd8+ Qxd8 19. Qf3 Qd7 20.
Ne2 Kf8 21. Qf2 Qd5 22. Nc3 Qc5 23. Kb1 a6 24. Bd3 Nb4 25. Qh4 Qe7 26. Qxe7+
Kxe7 27. Be2 Nd5 28. Nxd5+ exd5 29. Bf3 c5 30. Kc2 Ke6 31. g4 g5 32. b3 b5 33.
Kd3 a5 34. e4 gxf4 35. exd5+ Bxd5 36. Bxd5+ Kxd5 37. h4 Kxe5 38. a4 bxa4 39.
bxa4 Kd5 40. Kc3 c4 41. g5 hxg5 42. hxg5 f3 43. Kd2 Kd4 44. g6 fxg6 45. Ke1 Ke3
46. Kf1 f2 47. Kg2 Ke2 48. Kg3 f1=Q 49. Kg4 Ke3 50. Kg5 Ke4 51. Kxg6 Ke5 52.
Kg7 Ke6 53. Kg8 Ke7 54. Kh8 Kf7 55. Kh7 Qh1# 0-1

[Event "CYCC U14 "]
[Site "Hamilton CAN"]
[Date "2022.07.11"]
[Round "7.1"]
[White "Lin, Leo"]
[Black "Yang, Jingyun (Ryan)"]
[Result "1-0"]
[WhiteElo "2189"]
[BlackElo "2141"]
[PlyCount "111"]
[EventDate "2022.07.08"]
[EventType "swiss"]
[EventRounds "7"]
[EventCountry "CAN"]

1. e4 e6 2. d4 d5 3. e5 c5 4. c3 Nc6 5. Nf3 f6 6. Bd3 cxd4 7. cxd4 fxe5 8. dxe5
Bb4+ 9. Bd2 Nge7 10. O-O Bxd2 11. Nbxd2 Qb6 12. Nb3 Bd7 13. Rc1 Nb4 14. Bb1 Bb5
15. Re1 Bc4 16. Nbd4 O-O 17. b3 Ba6 18. a3 Nbc6 19. Nxe6 Rf7 20. Neg5 g6 21.
Nxf7 Kxf7 22. e6+ Kg8 23. Qd2 Rf8 24. b4 Bc4 25. h4 a5 26. h5 axb4 27. hxg6
hxg6 28. Qh6 Rxf3 29. gxf3 Nd4 30. Kg2 Nxe6 31. Rh1 Qd4 32. Rh4 Qf6 33. Re1 Ng5
34. f4 Nf7 35. Qh7+ Kf8 36. Rg4 bxa3 37. Bxg6 d4 38. Bd3 Bd5+ 39. Kg1 a2 40.
Qh4 Qe6 41. f3 Qd6 42. f5 Ne5 43. Qh8+ Bg8 44. Qg7+ Ke8 45. Bb5+ Kd8 46. Rf4
Bf7 47. Qf8+ Kc7 48. Rc1+ Kb6 49. f6 N5g6 50. fxe7 Nxf8 51. Rxf7 Qg6+ 52. Kf2
Qh6 53. e8=Q Qxc1 54. Qd8+ Kxb5 55. Rxb7+ Ka4 56. Qa8# 1-0

[Event "CYCC U14 "]
[Site "Hamilton CAN"]
[Date "2022.07.11"]
[Round "7.2"]
[White "Kot, Emanuel"]
[Black "Wang, Derek"]
[Result "1-0"]
[WhiteElo "1994"]
[BlackElo "1934"]
[PlyCount "129"]
[EventDate "2022.07.08"]
[EventType "swiss"]
[EventRounds "7"]
[EventCountry "CAN"]

1. e4 c5 2. Nf3 Nc6 3. d4 cxd4 4. Nxd4 Nf6 5. Nc3 e6 6. Ndb5 Bb4 7. a3 Bxc3+ 8.
Nxc3 d5 9. exd5 Nxd5 10. Nxd5 Qxd5 11. Qxd5 exd5 12. Bf4 Be6 13. O-O-O Rc8 14.
Kb1 O-O 15. Be2 Rfd8 16. Rd2 d4 17. Rhd1 Bf5 18. f3 Rd5 19. Bd3 Bxd3 20. Rxd3
Rc5 21. Bg3 f6 22. Bf2 Ne5 23. Rxd4 Rxc2 24. Rd8+ Kf7 25. Rxc8 Rxc8 26. Bxa7
Ke6 27. Bf2 Rc6 28. b3 Rc3 29. Kb2 Rd3 30. Kc2 Rxd1 31. Kxd1 Kd5 32. Kd2 Nc6
33. Kd3 Ne5+ 34. Kc3 Nc6 35. Bb6 Ne7 36. Kb4 Kc6 37. Bf2 Nd5+ 38. Kc4 Nf4 39.
g3 Ng6 40. f4 Ne7 41. a4 g5 42. Bc5 Ng6 43. Be3 h6 44. b4 Ne7 45. b5+ Kc7 46.
a5 Nf5 47. Bd4 Nd6+ 48. Kb4 Ne4 49. Kc4 Nd2+ 50. Kd5 gxf4 51. gxf4 Nf3 52. h3
f5 53. Be5+ Kc8 54. Bc3 Ng1 55. Ke6 Nxh3 56. Kxf5 Nxf4 57. Kxf4 Kb8 58. Bd4 h5
59. Ke5 h4 60. Kd6 h3 61. Bg1 Kc8 62. Bh2 Kb8 63. Kd7+ Ka8 64. Kc7 b6 65. Bg1
1-0

[Event "CYCC U14 "]
[Site "Hamilton CAN"]
[Date "2022.07.11"]
[Round "7.3"]
[White "Yang, Lefan"]
[Black "Yuen, Noah Nathaniel"]
[Result "0-1"]
[WhiteElo "1738"]
[BlackElo "1954"]
[PlyCount "80"]
[EventDate "2022.07.08"]
[EventType "swiss"]
[EventRounds "7"]
[EventCountry "CAN"]

1. d4 Nf6 2. Nf3 e6 3. e3 d5 4. Bd3 c5 5. b3 Be7 6. Bb2 O-O 7. Nbd2 Nbd7 8. Ne5
Qc7 9. f4 b6 10. O-O Bb7 11. Rc1 Ne4 12. c4 Ndf6 13. Nxe4 dxe4 14. Bb1 Rad8 15.
Qe2 Ne8 16. a3 f6 17. Ng4 Nd6 18. dxc5 bxc5 19. Nf2 Qb6 20. Qc2 Qc6 21. b4 a6
22. Qc3 Rf7 23. Rfd1 Rc8 24. Qb3 Bf8 25. Ba2 Re8 26. Ba1 h5 27. Rb1 cxb4 28.
axb4 Nf5 29. b5 axb5 30. cxb5 Qb6 31. Bd4 Nxd4 32. exd4 Bd5 33. Qb2 e3 34. Nh3
Rd7 35. Bxd5 exd5 36. Qe2 Re4 37. Rd3 Rde7 38. Rbb3 Rxd4 39. Rxe3 Rxe3 40. Rxe3
Re4 0-1

[Event "CYCC U14 "]
[Site "Hamilton CAN"]
[Date "2022.07.11"]
[Round "7.4"]
[White "Huang, Richard"]
[Black "Su, Ethan"]
[Result "0-1"]
[WhiteElo "1953"]
[BlackElo "1987"]
[PlyCount "150"]
[EventDate "2022.07.08"]
[EventType "swiss"]
[EventRounds "7"]
[EventCountry "CAN"]

1. e4 c5 2. Nf3 d6 3. d4 cxd4 4. Nxd4 Nf6 5. Nc3 a6 6. Be3 e5 7. Nb3 Be6 8. Be2
Be7 9. O-O O-O 10. Bf3 Nbd7 11. Qd2 b5 12. Rfd1 Qc7 13. Nd5 Bxd5 14. exd5 Rfc8
15. Rac1 a5 16. Qd3 Rab8 17. Nd2 Nc5 18. Bxc5 Qxc5 19. Ne4 Nxe4 20. Qxe4 Bg5
21. Rb1 Qxc2 22. Qxc2 Rxc2 23. Be4 Rc7 24. f3 g6 25. g4 Rf8 26. b4 a4 27. Bd3
Be3+ 28. Kg2 Rb8 29. Kf1 Bf4 30. h3 Rc3 31. Ke2 Rbc8 32. Rb2 Bc1 33. Rb1 a3 34.
Bxb5 Re3+ 35. Kf1 Rxf3+ 36. Kg2 Rfc3 37. Bc6 Bb2 38. b5 Rb8 39. Rd2 Bc1 40. Rf2
Be3 41. Re2 f5 42. gxf5 gxf5 43. Rf1 f4 44. Kf3 Bc5+ 45. Ke4 Rxh3 46. Rf3 Rh1
47. Rg2+ Kf7 48. Bd7 Kf6 49. Re2 h5 50. Rb3 Rd1 51. Be6 Rd4+ 52. Kf3 Bb4 53.
Re4 Rxe4 54. Kxe4 Rxb5 55. Kf3 Rb6 56. Ke4 Kg5 57. Kf3 Kf6 58. Ke4 Ke7 59. Rh3
Bc5 60. Rxh5 Kf6 61. Rf5+ Kg6 62. Bf7+ Kg7 63. Be6 Rb4+ 64. Kf3 Rb2 65. Rg5+
Kf6 66. Rf5+ Kg6 67. Rf8 Rxa2 68. Rg8+ Kf6 69. Rf8+ Ke7 70. Rc8 Rc2 71. Rc7+
Kf6 72. Rf7+ Kg5 73. Rg7+ Kh6 74. Rg8 a2 75. Rh8+ Kg7 0-1

[Event "CYCC U14 "]
[Site "Hamilton CAN"]
[Date "2022.07.11"]
[Round "7.5"]
[White "Shi, Michael"]
[Black "Lu, Tony"]
[Result "1/2-1/2"]
[WhiteElo "1970"]
[BlackElo "1773"]
[PlyCount "76"]
[EventDate "2022.07.08"]
[EventType "swiss"]
[EventRounds "7"]
[EventCountry "CAN"]

1. e4 e6 2. d4 d5 3. Nc3 Bb4 4. e5 c5 5. a3 Bxc3+ 6. bxc3 Qc7 7. Qg4 Ne7 8. Bd2
Nbc6 9. Nf3 Ng6 10. h4 h5 11. Qg3 Bd7 12. Bd3 Nce7 13. Ng5 c4 14. Bxg6 Nxg6 15.
Qf3 Ba4 16. Ra2 Qe7 17. g4 hxg4 18. Qxg4 O-O-O 19. f4 Kb8 20. Nf3 Rh7 21. Kf2
Rdh8 22. h5 Qe8 23. Ng5 Rh6 24. Nf3 Qf8 25. f5 exf5 26. Qxf5 Ne7 27. Qg4 Rb6
28. Bf4 Ka8 29. Nd2 f6 30. Ke2 Nc6 31. Nf3 a6 32. Rg1 fxe5 33. Nxe5 Nxe5 34.
Bxe5 Qe8 35. Qxg7 Qxh5+ 36. Kd2 Re8 37. Rg5 Qh1 38. Rg1 Qf3 1/2-1/2

[Event "CYCC U14 "]
[Site "Hamilton CAN"]
[Date "2022.07.11"]
[Round "7.6"]
[White "Georges, Maxim"]
[Black "Joseph, Jonath"]
[Result "0-1"]
[WhiteElo "1226"]
[BlackElo "1782"]
[PlyCount "98"]
[EventDate "2022.07.08"]
[EventType "swiss"]
[EventRounds "7"]
[EventCountry "CAN"]

1. e4 e5 2. Nf3 Nc6 3. Bc4 Bc5 4. c3 Nf6 5. d3 d6 6. Bg5 h6 7. Bh4 Bg4 8. Nbd2
a6 9. a4 g5 10. Bg3 Qd7 11. Qe2 Nh5 12. h4 Nf4 13. Qf1 O-O-O 14. b4 Bxb4 15.
cxb4 Nxb4 16. Rc1 Qxa4 17. Bxf4 gxf4 18. Bb3 Qa3 19. Rb1 Bxf3 20. Nc4 Nc2+ 21.
Kd2 Qc5 22. Bxc2 Bh5 23. f3 d5 24. Nb2 Qe3+ 25. Kd1 dxe4 26. Qe1 exf3 27. Qxe3
fxg2+ 28. Kd2 fxe3+ 29. Kxe3 gxh1=N 30. Rxh1 Rhg8 31. Nc4 Rg3+ 32. Kd2 e4 33.
Kc1 exd3 34. Bd1 Bxd1 35. Rxd1 d2+ 36. Nxd2 Rgd3 37. h5 Rxd2 38. Rxd2 Rxd2 39.
Kxd2 c5 40. Ke3 b5 41. Ke4 c4 42. Kf5 c3 43. Kf6 c2 44. Kg7 c1=Q 45. Kh7 Kd7
46. Kh8 Ke7 47. Kg8 Qg5+ 48. Kh7 Kf8 49. Kh8 Qg7# 0-1

[Event "CYCC U14 "]
[Site "Hamilton CAN"]
[Date "2022.07.11"]
[Round "7.7"]
[White "Leong, Aiden"]
[Black "Jiang, Barron Jiyu"]
[Result "1/2-1/2"]
[WhiteElo "1775"]
[BlackElo "1740"]
[PlyCount "47"]
[EventDate "2022.07.08"]
[EventType "swiss"]
[EventRounds "7"]
[EventCountry "CAN"]

1. e4 c5 2. Nf3 d6 3. d4 cxd4 4. Nxd4 Nf6 5. Nc3 a6 6. Be3 e5 7. Nb3 Be6 8. f3
Be7 9. Qd2 h5 10. Be2 Nbd7 11. Nd5 Bxd5 12. exd5 b5 13. Na5 Qc7 14. Nc6 Nb6 15.
Bxb6 Qxb6 16. a4 Kd7 17. a5 Qc5 18. O-O-O Qxd5 19. Qxd5 Nxd5 20. Nxe5+ dxe5 21.
Rxd5+ Ke6 22. Rhd1 Rhc8 23. f4 Rc5 24. fxe5 1/2-1/2

[Event "CYCC U14 "]
[Site "Hamilton CAN"]
[Date "2022.07.11"]
[Round "7.8"]
[White "Locham, Divjot"]
[Black "Han, Johnathan"]
[Result "0-1"]
[WhiteElo "1751"]
[BlackElo "2232"]
[PlyCount "100"]
[EventDate "2022.07.08"]
[EventType "swiss"]
[EventRounds "7"]
[EventCountry "CAN"]

1. e4 c5 2. Nf3 d6 3. Bb5+ Bd7 4. Bxd7+ Nxd7 5. O-O Ngf6 6. Re1 e6 7. c3 Be7 8.
d4 cxd4 9. cxd4 d5 10. e5 Ne4 11. Nbd2 Nxd2 12. Bxd2 O-O 13. Rc1 Qb6 14. Qa4
Nb8 15. Re3 Nc6 16. Rb3 Qc7 17. Bb4 Rfc8 18. Rbc3 h6 19. h3 Qd7 20. Bxe7 Qxe7
21. Nd2 Rf8 22. Nf3 Rae8 23. Qb5 Rb8 24. g3 Qd7 25. Qd3 Rfc8 26. Qc2 Qd8 27. b4
a6 28. Rc5 Qb6 29. Qc3 Na7 30. Kf1 Rc6 31. Rxc6 Nxc6 32. Qc5 Qd8 33. Qc2 Rc8
34. Qb2 Ne7 35. Nd2 Nf5 36. Nb3 Rc4 37. g4 Nh4 38. Nd2 Rc7 39. Nb3 Rc4 40. Nd2
Rxc1+ 41. Qxc1 Qb6 42. Qc8+ Kh7 43. Qc2+ Ng6 44. Ke2 Qxd4 45. Qc7 Nxe5 46. Qxb7
Qd3+ 47. Ke1 f6 48. Qc8 Qxh3 49. Qxe6 Nd3+ 50. Ke2 Nf4+ 0-1

[Event "CYCC U14 "]
[Site "Hamilton CAN"]
[Date "2022.07.11"]
[Round "7.9"]
[White "Guliyev, Nadir"]
[Black "Zhang, Brian"]
[Result "0-1"]
[WhiteElo "1279"]
[BlackElo "1842"]
[PlyCount "104"]
[EventDate "2022.07.08"]
[EventType "swiss"]
[EventRounds "7"]
[EventCountry "CAN"]

1. d4 Nf6 2. c4 g6 3. g3 Bg7 4. Bg2 O-O 5. Nf3 d6 6. Nc3 Nc6 7. e3 e5 8. dxe5
dxe5 9. Qxd8 Rxd8 10. e4 Bg4 11. Nd2 Nb4 12. O-O Nd3 13. Nb3 Be6 14. Nd5 Ne8
15. Rd1 Nxc1 16. Raxc1 c6 17. Ne3 Bf8 18. Bf1 a5 19. Rxd8 Rxd8 20. Nxa5 Ra8 21.
Nxb7 Ra7 22. Nd8 Bd7 23. Nxc6 Bxc6 24. Nd5 Rxa2 25. b4 Rb2 26. b5 Bxd5 27. exd5
Bc5 28. Bg2 Nd6 29. Kh1 Rb4 30. Bf1 Ne4 31. Rc2 f5 32. f3 Nd6 33. Kg2 Kf7 34.
Be2 Ke7 35. h4 e4 36. f4 Kd7 37. Kh3 Rb3 38. h5 Kc7 39. hxg6 hxg6 40. Bf1 Rf3
41. Bg2 Rf2 42. Rc1 e3 43. b6+ Kxb6 44. Rb1+ Kc7 45. Rc1 Rd2 46. Bf3 Ne4 47.
Bxe4 fxe4 48. Kg4 e2 49. Re1 Bf2 50. d6+ Kxd6 51. c5+ Kxc5 52. Rc1+ Kd5 0-1

[Event "CYCC U14 "]
[Site "Hamilton CAN"]
[Date "2022.07.11"]
[Round "7.10"]
[White "Wang, Nathan"]
[Black "Yang, Larry"]
[Result "0-1"]
[WhiteElo "1566"]
[BlackElo "1807"]
[PlyCount "134"]
[EventDate "2022.07.08"]
[EventType "swiss"]
[EventRounds "7"]
[EventCountry "CAN"]

1. d4 Nf6 2. Nf3 g6 3. e3 Bg7 4. Bd3 d6 5. b3 O-O 6. Nbd2 c5 7. Bb2 Nc6 8. a3
Re8 9. c4 e5 10. d5 Ne7 11. Qe2 Nh5 12. g3 Bg4 13. e4 f5 14. h3 fxe4 15. Bxe4
Bf5 16. Ng5 Bh6 17. Bxf5 Nxf5 18. Ne6 Qd7 19. Ne4 Bg7 20. Qf3 Nd4 21. Bxd4 exd4
22. g4 Rxe6 23. dxe6 Qxe6 24. gxh5 Re8 25. O-O Qxe4 26. Qxe4 Rxe4 27. hxg6 hxg6
28. Rae1 Re5 29. b4 Kf7 30. Rxe5 Bxe5 31. f4 Bg7 32. f5 g5 33. Kg2 cxb4 34.
axb4 d3 35. Rd1 Bc3 36. Rxd3 Bxb4 37. Rb3 a5 38. Kf3 Kf6 39. Kg4 b6 40. Re3 a4
41. Re6+ Kf7 42. Kxg5 Bd2+ 43. Kg4 a3 44. Rxd6 a2 45. Rxd2 a1=Q 46. Rd6 Qc1 47.
Re6 Qxc4+ 48. Kg5 Qc1+ 49. Kg4 Qd1+ 50. Kg5 Qd2+ 51. Kg4 Qg2+ 52. Kf4 b5 53. h4
Qh3 54. Kg5 Qg3+ 55. Kh5 b4 56. Ra6 b3 57. Ra7+ Kf6 58. Ra6+ Kxf5 59. Ra5+ Ke4
60. Ra4+ Kd3 61. Kh6 Qe3+ 62. Kg7 Qe7+ 63. Kh6 b2 64. h5 Qf6+ 65. Kh7 b1=Q 66.
Kg8 Qb8+ 67. Kh7 Qbh8# 0-1

[Event "CYCC U14 "]
[Site "Hamilton CAN"]
[Date "2022.07.11"]
[Round "7.11"]
[White "Wang, Andy"]
[Black "Hossain, Azher"]
[Result "1-0"]
[WhiteElo "1806"]
[BlackElo "1424"]
[PlyCount "71"]
[EventDate "2022.07.08"]
[EventType "swiss"]
[EventRounds "7"]
[EventCountry "CAN"]

1. e4 c6 2. d4 d5 3. f3 dxe4 4. fxe4 e5 5. Nf3 Bg4 6. Bc4 exd4 7. Bxf7+ Kxf7 8.
Ne5+ Ke8 9. Nxg4 Qa5+ 10. c3 dxc3 11. Nxc3 Bc5 12. Bd2 Qa6 13. Qb3 Nd7 14. Rf1
Ne7 15. Qf7+ Kd8 16. O-O-O Rf8 17. Qxf8+ Nxf8 18. Rxf8+ Kc7 19. Bf4+ Kb6 20.
Rxa8 Ng6 21. Bb8 Ka5 22. a3 Qc4 23. Bxa7 Bxa7 24. Rxa7+ Kb6 25. Ra4 Qe6 26. Ne3
Ne5 27. Kc2 Kc7 28. Rad4 Qh6 29. Nc4 Nxc4 30. Rxc4 Qxh2 31. Rd2 h5 32. Rcd4 g5
33. g4 Qh4 34. gxh5 Qxh5 35. R4d3 Qh4 36. Rg2 1-0

[Event "CYCC U14 "]
[Site "Hamilton CAN"]
[Date "2022.07.11"]
[Round "7.12"]
[White "Puri, Dylan"]
[Black "Odoemelam, Daniel"]
[Result "1/2-1/2"]
[WhiteElo "1087"]
[BlackElo "1559"]
[PlyCount "52"]
[EventDate "2022.07.08"]
[EventType "swiss"]
[EventRounds "7"]
[EventCountry "CAN"]

1. e4 e5 2. Nf3 Nc6 3. Bc4 Bc5 4. c3 Qf6 5. d4 exd4 6. e5 Qg6 7. cxd4 Bb4+ 8.
Nc3 h6 9. O-O Bxc3 10. bxc3 d6 11. Bf4 Bg4 12. Bd3 f5 13. exd6 cxd6 14. Re1+
Kf8 15. d5 Nd8 16. Bb5 Ne7 17. c4 Qf6 18. c5 dxc5 19. Be5 Qb6 20. Bxg7+ Kxg7
21. Rxe7+ Nf7 22. Qd3 Bxf3 23. gxf3 Qf6 24. Rae1 Kf8 25. Kh1 Rg8 26. f4 Qg6
1/2-1/2

[Event "CYCC U14 "]
[Site "Hamilton CAN"]
[Date "2022.07.11"]
[Round "7.13"]
[White "Jiao, Dian Bing"]
[Black "Chen, Ricky"]
[Result "1/2-1/2"]
[WhiteElo "1188"]
[BlackElo "1709"]
[PlyCount "40"]
[EventDate "2022.07.08"]
[EventType "swiss"]
[EventRounds "7"]
[EventCountry "CAN"]

1. d4 g6 2. c4 Bg7 3. Nc3 c5 4. d5 d6 5. Nf3 Nf6 6. e4 O-O 7. Bf4 Re8 8. Be2 a6
9. O-O Nh5 10. Bg5 f6 11. Bh4 Nf4 12. Bg3 Nxe2+ 13. Qxe2 Nd7 14. Qd2 Ne5 15.
Nxe5 fxe5 16. Bh4 b5 17. cxb5 axb5 18. a3 Qa5 19. h3 Bd7 20. Rfb1 b4 1/2-1/2

[Event "CYCC U14 "]
[Site "Hamilton CAN"]
[Date "2022.07.11"]
[Round "7.14"]
[White "Chen, Sam"]
[Black "Buczynski, Christian"]
[Result "1-0"]
[WhiteElo "1299"]
[BlackElo "1199"]
[PlyCount "41"]
[EventDate "2022.07.08"]
[EventType "swiss"]
[EventRounds "7"]
[EventCountry "CAN"]

1. e4 e6 2. d4 d5 3. e5 c5 4. c3 Qb6 5. Nf3 Nc6 6. a3 cxd4 7. cxd4 Nge7 8. b4
Nf5 9. Be3 Nxe3 10. fxe3 a6 11. Be2 g6 12. Nc3 Bh6 13. Qd3 Bd7 14. e4 dxe4 15.
Nxe4 Bf8 16. Nf6+ Kd8 17. d5 exd5 18. Qxd5 Qc7 19. Rd1 Nb8 20. Qxf7 Be7 21.
Nxh7 1-0

[Event "CYCC U14 "]
[Site "Hamilton CAN"]
[Date "2022.07.11"]
[Round "7.15"]
[White "Shen, Yining"]
[Black "Khaimovich, Lev"]
[Result "0-1"]
[WhiteElo "840"]
[BlackElo "1259"]
[PlyCount "80"]
[EventDate "2022.07.08"]
[EventType "swiss"]
[EventRounds "7"]
[EventCountry "CAN"]

1. e4 c5 2. Nf3 e6 3. d4 cxd4 4. Nxd4 Nc6 5. Be3 a6 6. Nc3 Nge7 7. Be2 Nxd4 8.
Bxd4 Nc6 9. O-O d5 10. exd5 exd5 11. Bf3 Be6 12. Re1 Qd7 13. Bxd5 Rd8 14. Bb6
Rc8 15. Bxe6 fxe6 16. Qh5+ g6 17. Qg4 e5 18. Qxd7+ Kxd7 19. Rad1+ Ke6 20. f4
Bd6 21. fxe5 Bxe5 22. Bd4 Nxd4 23. Rxd4 Rhd8 24. Rde4 Rc5 25. Na4 Ra5 26. Nb6
Kf5 27. Nc4 Bd4+ 28. Kf1 Rxa2 29. g4+ Kg5 30. Rd1 Bf6 31. Rxd8 Bxd8 32. Re8 Bf6
33. b3 Rxc2 34. Rb8 Rxh2 35. Rxb7 Kxg4 36. Ne3+ Kf3 37. Kg1 Rb2 38. Nd5 Bd4+
39. Kh1 Kg3 40. Nc3 Rh2# 0-1